|
|
|
|
| LEADER |
01451nam a22002657i 4500 |
| 003 |
GR-PaULI |
| 005 |
20241008063351.0 |
| 008 |
170502s2006 gr ||||| |||| 00| 0 gre d |
| 020 |
|
|
|a 9789601622668
|
| 040 |
|
|
|a GR-PaULI
|b gre
|c GR-PaULI
|e AACR2
|
| 082 |
0 |
4 |
|a 888.142 3
|2 23
|
| 100 |
1 |
|
|9 3565
|a Σολωμός, Διονύσιος,
|d 1798-1857
|e συγγραφέας
|
| 245 |
1 |
0 |
|a Διονυσίου Σολωμού Οι ελεύθεροι πολιορκισμένοι :
|b ερμηνευτική έκδοση /
|c εισαγωγή, κείμενο, σχόλια Γιώργος Βελουδής.
|
| 260 |
|
|
|a Αθήνα :
|b Πατάκης,
|c 2006.
|
| 300 |
|
|
|a 255 σ. ;
|c 21 εκ.
|
| 490 |
|
|
|a Θεωρητικές επιστήμες / Πατάκης
|
| 504 |
|
|
|6 Περιλαμβάνει βιβλιογραφία και γλωσσάριο.
|
| 600 |
1 |
0 |
|a Σολωμός, Διονύσιος,
|d 1798-1857,
|x Ερμηνεία και κριτική
|9 42989
|
| 600 |
1 |
0 |
|a Σολωμός, Διονύσιος,
|d 1798-1857
|9 167437
|
| 700 |
1 |
4 |
|a Βελουδής, Γιώργος,
|d 1935-
|e επιμελητής
|9 31520
|
| 830 |
|
0 |
|9 159575
|a Θεωρητικές επιστήμες (Πατάκης)
|
| 942 |
|
|
|2 ddc
|c BK15
|
| 952 |
|
|
|0 0
|1 0
|2 ddc
|4 0
|6 888_142000000000000_3_ΣΟΛ_ΒΕΛ
|7 0
|9 211836
|a THST
|b THST
|d 2017-05-02
|i 010169
|l 0
|o 888.142 3 ΣΟΛ ΒΕΛ
|p 025000199289
|r 2017-05-02 00:00:00
|t 1
|v 2017.00
|w 2017-05-02
|y BK15
|
| 998 |
|
|
|c ΜΑΝΙΑ
|d 2017-05
|
| 999 |
|
|
|c 128864
|d 128864
|